000 00419nam a2200181Ia 4500
001 9961
005 20260306161756.0
008 260306t2015||||xx |||||||||||||| ||spa||
041 _aESP
082 _a869.56
_bC65
100 _aCisneros, Renato
_eAUT
245 0 _aLa distancia que nos separa
260 _c2015
300 _a355 páginas :
_c23 cm.
650 _aGEN
654 _aCHU
942 _cLIB
_dJUS
_fJUS
_2ddc
_n
999 _c9961
_d9961